[Event "1st Pelion Open 2018"]
[Site "Agios Ioannis-Pelion"]
[Date "2018.06.17"]
[Round "3"]
[White "Markidis, Konstantinos (2339)"]
[Black "Tsarsitalidis, Konstantinos (1773)"]
[Result "1-0"]
[WhiteElo "2339"]
[BlackElo "1773"]
[Annotator "NA"]
[PlyCount "77"]
[EventType "swiss"]
[EventCountry "GRE"]
[SourceTitle "playchess.com"]
[Source "ChessBase"]
[SourceQuality "1"]
[TimeControl "40/5400+30:1800+30"]

1. e4 c5 2. Nf3 d6 3. Bb5+ Bd7 4. c4 Nf6 5. Nc3 {B52: Sicilian: Moscow Variation with 3...Bd7} a6 6. Bxd7+ Nbxd7 7. a4 (7. O-O Rc8 8. Re1 e6 9. b3 Ne5 10. d3 Be7 11. Bf4 Nfd7 12. Nxe5 dxe5 {½-½ (29) Vachier Lagrave,M (2804)-Grischuk,A (2737) Doha 2016}) 7... g6 8. O-O Bg7 9. h3 $146 ({Predecessor:} 9. d4 cxd4 10. Nxd4 Rc8 11. b3 Qa5 12. Bb2 O-O 13. Nd5 Nxd5 14. exd5 {½-½ (26) Mortensen,H (2065)-Kjartansson,O Copenhagen 1998}) 9... O-O 10. d3 Rb8 11. Be3 Ne8 12. d4 cxd4 13. Nxd4 Ne5 14. b3 Nc7 15. Qd2 Nc6 16. a5 Ne6 17. Nxe6 fxe6 18. Bb6 Qe8 19. Rac1 Qf7 20. Ne2 Ne5 21. Be3 Nd7 22. b4 b6 23. axb6 Nxb6 24. c5 Nc8 25. Rfd1 d5 26. exd5 {[%emt 1:27:44]} exd5 27. Qxd5 {[%emt 0:01:08]} Qxd5 28. Rxd5 {[%emt 0:00:12]} Rxb4 29. Nd4 {[%emt 0:00:59]} Kf7 30. Nc6 {[%emt 0:00:21]} Re4 {[%emt 1:28:32]} 31. Rc2 $18 {[%emt 0:00:19]} Bf6 {[%emt 0:10:16]} 32. Ra2 {[%emt 0:00:13]} e6 {[%emt 0:04:05]} 33. Rd7+ {[%emt 0:00:45]} Kg8 {[%emt 0:00:01]} 34. Rxa6 {[%emt 0:00:15]} h5 {[%emt 0:01:58]} 35. Rc7 {[%emt 0:02:33]} Bh4 {[%emt 0:02:37]} 36. g3 {[%emt 0:01:12]} Bxg3 {[%emt 0:00:09]} 37. Rxc8 {[%emt 0:00:07]} Rxc8 {[%emt 0:00:24]} 38. Ne7+ {[%emt 0:00:07]} Kf7 {[%emt 0:00:55]} 39. Nxc8 {[%emt 0:00:07]} 1-0

[Event "1st Pelion Open 2018"]
[Site "Agios Ioannis-Pelion"]
[Date "2018.06.17"]
[Round "3"]
[White "Gkikas, Hristos (2024)"]
[Black "Grivas, Efstratios"]
[Result "1-0"]
[WhiteElo "2024"]
[BlackElo "2445"]
[Annotator "TA"]
[PlyCount "65"]
[EventType "swiss"]
[EventCountry "GRE"]
[SourceTitle "playchess.com"]
[Source "ChessBase"]
[SourceQuality "1"]

{[%evp 14,65,14,-19,16,0,18,-8,25,-10,36,32,91,87,81,79,167,169,144,119,127,66,50,-113,8,8,7,23,91,1,13,8,72,43,62,66,68,59,81,87,268,257,463,465,455,442,432,451,575,575,569,297,569,560]} 1. d4 f5 2. c4 Nf6 3. Nc3 g6 4. g3 Bg7 5. Bg2 O-O 6. e3 d6 7. Nge2 e5 8. b4 {LiveBook: 3 Games. A86: Dutch Defence: Leningrad System: Unusual lines and 5 Nh3} Nbd7 9. Rb1 $146 ({Predecessor:} 9. Qb3 Qe7 10. c5+ Kh8 11. O-O Re8 12. a4 e4 13. Ba3 {½-½ (13) Karlsson,L (2445)-Olafsson,H (2505) Stockholm 1997}) 9... a6 10. c5 {The position is equal.} Qe7 11. Ba3 exd4 12. exd4 f4 (12... Re8 $14) 13. O-O $16 fxg3 14. hxg3 dxc5 (14... Qf7 $16) 15. bxc5 $18 c6 16. Nf4 Qf7 17. d5 ({Better is} 17. Nd3 $16) 17... Ne5 $14 18. Ne6 $2 {[#]} (18. Ne4 $1 $14 {keeps the upper hand.} Nxe4 19. Bxe4) 18... Bxe6 (18... Nxd5 $17 19. Ng5 Nxc3 20. Nxf7 Nxd1 21. Nxe5 Nxf2) 19. dxe6 $11 Qxe6 20. Rxb7 Qf5 {[#]} (20... Rad8 $11 {remains equal.} 21. Qb3 Qxb3 22. axb3 Rd2) 21. Bc1 ({White should play} 21. Qb3+ $1 $16 Kh8 22. Ne2 (22. f4 Nfg4 $17)) 21... Rad8 22. Qe2 a5 (22... Nfg4 $11 23. f3 Qd3) 23. Bf4 $36 {[%mdl 2048] White has some pressure.} Rfe8 24. Ne4 $1 {[%cal Re4d6]} Nxe4 25. Qxe4 Qxe4 26. Bxe4 Nd3 $2 (26... a4 $16 {might work better.}) 27. Bxc6 $18 Rf8 $2 (27... Nxf4 {was called for.} 28. gxf4 (28. Bxe8 Ne2+ 29. Kg2 Rxe8 $16) 28... Rf8) 28. Bd6 Rf5 29. Be7 Rd4 30. Bd7 Nxc5 31. Bxf5 Nxb7 32. Be6+ Kh8 33. Rb1 {Precision: White = 44%, Black = 21%.} 1-0

[Event "1st Pelion Open 2018"]
[Site "Agios Ioannis-Pelion"]
[Date "2018.06.18"]
[Round "4"]
[White "Nikolaidis, Ioannis"]
[Black "Markidis, Konstantinos (2339)"]
[Result "1-0"]
[WhiteElo "2537"]
[BlackElo "2339"]
[Annotator "TA"]
[PlyCount "87"]
[EventType "swiss"]
[EventCountry "GRE"]
[SourceTitle "playchess.com"]
[Source "ChessBase"]
[SourceQuality "1"]

{[%evp 16,87,17,13,39,35,48,33,56,71,71,49,45,0,0,0,8,0,8,8,6,6,12,19,12,6,35,36,36,35,37,32,61,61,61,61,61,63,72,72,89,79,76,64,75,66,83,65,77,61,124,127,129,85,75,78,114,45,250,361,767,240,882,750,1142,1185,1152,1118,1105,1110,1013,1090,1011,1005]} 1. d4 Nf6 2. c4 e6 3. Nf3 d5 4. Nc3 Be7 5. Bf4 O-O 6. Rc1 {D37: Queen's Gambit Declined: 5 Bf4} dxc4 7. e3 Nd5 8. Bxc4 Nxf4 9. exf4 {LiveBook: 7 Games} Nd7 10. O-O c5 11. dxc5 Bxc5 12. Qc2 Be7 13. f5 Nb6 14. Bd3 {And now fxe6 would win.} (14. Bb3 {feels hotter.} Bf6 15. Rfd1 Qc7 16. Ne4 Qxc2 17. Nxf6+ gxf6 18. Bxc2 exf5 19. Nd4) 14... exf5 15. Bxf5 Bxf5 16. Qxf5 Qd7 17. Qxd7 Nxd7 18. Nd5 $36 {[%mdl 2048] White has good play.} Bd6 19. Rfd1 {Ne3 is the strong threat.} Rad8 20. Rc2 Nb6 21. Nxb6 axb6 22. Rcd2 Bc7 23. Kf1 f6 24. Rxd8 Rxd8 25. Rxd8+ Bxd8 $14 {[%mdl 4096] Endgame KB-KN} 26. Ke2 Be7 27. Kd3 Kf7 28. Nd4 g6 29. Ke4 Bd6 30. h3 Bb4 31. Kd5 Be1 32. f3 Bf2 (32... Ke7 $14) 33. Nb5 $1 $16 f5 34. Nd6+ Kf6 35. Nxb7 {Strongly threatening b4.} Kg5 36. a4 (36. b4 $1 $16) 36... Kf4 $2 ({Black should play} 36... Kh4 $1 $14) 37. b4 $1 $18 {[%cal Bb2b4,Bb4a5,Ba5a6][%mdl 32]} Kg3 $2 (37... Be1 38. b5 Kg3) 38. Nc5 $2 (38. a5) 38... Kxg2 $2 {[#]} ({Avoid the trap} 38... bxc5 $2 39. bxc5 Kxg2 40. a5 $18) (38... Be1) 39. a5 $1 {White is clearly winning.} bxa5 40. bxa5 Bg3 41. Nd7 Bf2 42. a6 Ba7 {[#]} 43. Kc6 $1 Kxf3 44. Kb7 {Precision: White = 66%, Black = 39%.} 1-0

[Event "1st Pelion Open 2018"]
[Site "Agios Ioannis-Pelion"]
[Date "2018.06.18"]
[Round "4"]
[White "Grivas, Efstratios"]
[Black "Ilandzis, Spyridon (1990)"]
[Result "1-0"]
[WhiteElo "2445"]
[BlackElo "1990"]
[Annotator "TA"]
[PlyCount "81"]
[EventType "swiss"]
[EventCountry "GRE"]
[SourceTitle "playchess.com"]
[Source "ChessBase"]
[SourceQuality "1"]

{[%evp 20,81,0,10,6,0,41,31,37,0,12,-50,26,11,10,-1,38,33,28,22,38,49,78,53,79,75,66,32,51,45,64,51,64,55,61,55,78,86,255,258,224,141,528,202,302,212,414,363,364,360,326,325,447,445,444,373,822,827,771,743,5289,4531,29996,29997]} 1. Nf3 Nf6 2. c4 e6 3. g3 b6 4. Bg2 Bb7 5. d4 Be7 6. O-O O-O 7. Nc3 Ne4 8. Qc2 Nxc3 9. Qxc3 Be4 10. Ne5 {E19: Queen's Indian: Old Main Line with 7...Ne4 8 Qc2 Nxc3 8 Qxc3} Bxg2 11. Kxg2 {LiveBook: 3 Games} d6 12. Qf3 {Threatens to win with Nxf7.The position is equal.} Nd7 13. Nc6 Qe8 14. h4 a5 15. Bg5 ({White should play} 15. Bd2 $11) 15... f6 (15... Bxg5 $15 16. hxg5 f6) 16. Be3 f5 17. Bg5 Nf6 18. h5 h6 19. Bh4 Kh8 20. d5 exd5 21. cxd5 Ng8 22. Bxe7 Nxe7 23. Rac1 (23. Nd4 $5 {[%cal Rd4e6]}) 23... Nxc6 24. Rxc6 Ra7 25. Rfc1 Rf7 26. R1c4 Qe5 27. b3 b5 28. Rc3 {[%cal Bc4c3,Bc3e3,Be3e8][%mdl 32]} Rb7 $2 (28... Qd4 $16) 29. Re3 $18 Qf6 30. Ra6 {[%cal Bc6a6,Ba6a4,Ba4f4][%mdl 32]} a4 $2 {[%mdl 8192]} (30... Rf8 $16 {is more resistant.} 31. Rxa5 Kg8) 31. bxa4 $2 (31. Ra8+ Rf8 32. Re6) 31... bxa4 (31... Rf8 {keeps fighting.} 32. Re6 Qb2 33. axb5 Qxb5) 32. Rxa4 Rb1 $2 (32... Rb8 33. Rb3 Qd8 34. Rxb8 Qxb8) 33. Re8+ Rf8 34. Rxf8+ Qxf8 {[%mdl 4096] Endgame KQR-KQR} 35. Rf4 Qa8 36. Rxf5 {Threatening mate with Rf8+.} Rb8 37. a3 Qa5 $2 (37... Qa4 38. Rf7 Qc4) 38. g4 Qd2 {[#]} 39. g5 $1 {White wants to mate with Rf8+.} hxg5 {[#]} 40. h6 $1 {[%cal Bh5h6,Bh6g7][%mdl 544] White threatens Rf8+ and mate.} Rg8 (40... gxh6 41. Rf7) 41. hxg7+ {Precision: White = 53%, Black = 14%.} 1-0

[Event "1st Pelion Open 2018"]
[Site "Agios Ioannis-Pelion"]
[Date "2018.06.18"]
[Round "4"]
[White "Stanojoski, Zvonko"]
[Black "Gkikas, Hristos (2024)"]
[Result "1-0"]
[WhiteElo "2440"]
[BlackElo "2024"]
[Annotator "TA"]
[PlyCount "61"]
[EventType "swiss"]
[EventCountry "GRE"]
[SourceTitle "playchess.com"]
[Source "ChessBase"]
[SourceQuality "1"]

{[%evp 16,61,12,6,96,85,86,87,136,116,149,131,242,240,279,270,393,384,375,296,300,167,190,190,200,191,323,323,297,319,1262,1083,1006,1031,1013,1000,1750,1673,1738,1722,1474,218,29990,29978,29985,29986,29984,783]} 1. e4 e5 2. Nf3 Nc6 3. Bc4 Bc5 4. c3 d6 5. d4 exd4 6. cxd4 Bb6 7. h3 Nf6 8. Nc3 O-O 9. O-O {LiveBook: 15 Partien} Re8 {C56: Zweispringerspiel} (9... Nxe4 $1 $11 {bleibt in der Remisbreite.} 10. Nxe4 d5) 10. Re1 $16 h6 11. a3 a5 {Weiß steht besser.} 12. Bf4 Nh5 13. Be3 Ne7 (13... Nf6 $16 14. Qb3 d5) 14. Ng5 $18 hxg5 15. Qxh5 d5 (15... Be6 $142) 16. Nxd5 Nxd5 17. Bxd5 ({Nicht} 17. exd5 Bf5 $16) 17... Be6 18. Bxg5 $40 {[%mdl 128] Weiss riecht Blut.} (18. Bxb7 $142 Rb8 19. Bc6 (19. Bxg5 f6 $16)) 18... f6 19. Bf4 ({Auf keinen Fall} 19. Bxb7 $6 Rb8 $16) 19... Bxd5 20. exd5 {[%cal Be4d5,Bd5d6,Bd6d7][%mdl 32]} Rxe1+ (20... Qd7 {war angesagt.} 21. d6 cxd6 22. Qd5+ Qf7 23. Qxd6 Qb3) 21. Rxe1 {Droht stark d6!} Bxd4 {[#]} 22. d6 $1 {[%mdl 512]} Bxb2 $2 (22... Be5 23. Bxe5 fxe5 24. dxc7 Qxc7 25. Qxe5 Qxe5 26. Rxe5 a4) (22... cxd6 23. Qd5+) 23. Re7 {Weiss droht Df7+ und Matt.} Qf8 24. Qd5+ Kh8 25. Rf7 Qe8 26. d7 {Beabsichtigt Dh5+ und Matt.} Qe1+ 27. Kh2 Rd8 28. Bxc7 $2 (28. Qh5+ Kg8 {[#]} 29. Rxg7+ $1 {[%mdl 512]} Kxg7 30. Bh6+ Kh8 31. Bd2+ Kg7 32. Bxe1) 28... Qxf2 $2 (28... Be5+ $18 29. Qxe5 Qxe5+ 30. Bxe5 fxe5) 29. Re7 {Weiß setzt Matt.} Bc1 30. Re8+ Kh7 31. Qh5+ {Precision: Weiß = 64%, Schwarz = 20%.} (31. Bg3 $142 Qb6 32. Rxd8 Qxd8 33. Qh5+ Bh6 34. Qe8 Qxd7 35. Qxd7 b6 36. Qf5+ Kg8 37. Qe6+ Kh7 38. Qxb6) 1-0

[Event "1st Pelion Open 2018"]
[Site "Agios Ioannis-Pelion"]
[Date "2018.06.18"]
[Round "4"]
[White "Todorovic, Goran N (2335)"]
[Black "Ristic, Nenad"]
[Result "1/2-1/2"]
[WhiteElo "2335"]
[BlackElo "2372"]
[Annotator "NA"]
[PlyCount "23"]
[EventType "swiss"]
[EventCountry "GRE"]
[SourceTitle "playchess.com"]
[Source "ChessBase"]
[SourceQuality "1"]
[TimeControl "40/5400+30:1800+30"]

1. e4 e5 2. Nf3 Nc6 3. Bb5 a6 4. Bxc6 dxc6 5. O-O f6 6. d4 exd4 7. Nxd4 c5 8. Nb3 Qxd1 9. Rxd1 Bg4 10. f3 Bd7 11. Nc3 O-O-O 12. Be3 1/2-1/2

[Event "1st Pelion Open 2018"]
[Site "Agios Ioannis-Pelion"]
[Date "2018.06.18"]
[Round "4"]
[White "Angelis, Mihail (2148)"]
[Black "Mastrovasilis, Athanasios"]
[Result "1/2-1/2"]
[WhiteElo "2148"]
[BlackElo "2501"]
[Annotator "TA"]
[PlyCount "90"]
[EventType "swiss"]
[EventCountry "GRE"]
[SourceTitle "playchess.com"]
[Source "ChessBase"]
[SourceQuality "1"]

{[%evp 18,90,0,-4,3,-16,18,-17,-17,-17,-17,-10,-17,-17,-17,-17,-16,-20,-7,-4,0,-14,-4,-15,-2,-14,-14,-12,0,-1,-5,0,0,0,0,0,0,0,0,0,0,0,0,0,0,0,0,0,0,-18,-18,-18,-18,-18,-18,-18,-18,-18,-18,-18,0,0,0,0,0,0,0,0,0,0,0,0,0,0,8]} 1. Nf3 d5 2. g3 Nf6 3. c4 c6 4. d4 Bg4 5. Ne5 Bf5 6. Nc3 Nbd7 7. Bg2 e6 8. O-O Be7 9. b3 {D11: Slav Defence: 3 Nf3 sidelines and 3...Nf6 4 e3 Bg4} O-O 10. Bb2 {LiveBook: 3 Games. The position is equal.} h6 11. Rc1 a5 12. Re1 (12. Nxd7 {feels hotter.} Nxd7 13. f3 Bg6 14. cxd5 exd5 15. e4) 12... Nxe5 13. dxe5 Ne4 14. cxd5 Nxc3 15. Bxc3 {[#] d6 is the strong threat.} cxd5 16. e4 dxe4 17. Bxe4 Bxe4 18. Rxe4 Rc8 {aiming for ...Rxc3!} 19. Qe1 Qd3 {Strongly threatening ...Bg5.} 20. Re3 Qb5 21. Rd1 Rfd8 22. Rxd8+ Bxd8 23. Qd1 Bb6 24. Rd3 Rc5 25. Qf3 Rd5 26. Rxd5 exd5 27. e6 fxe6 28. Qg4 $1 {[%csl Gc3][%cal Rg4g7]} Qd7 {[#]} 29. Bxg7 $1 {[%mdl 512]} h5 $1 {[%cal Rh5g4]} (29... Qxg7 30. Qxe6+) 30. Qg6 {Intending Bf6+ and mate.} Qf7 31. Qxf7+ Kxf7 $11 {[%mdl 4096] Endgame KB-KB} 32. Bb2 Kg6 33. Kg2 Kf5 34. f3 e5 35. Kf1 e4 36. Ke2 d4 {And now ...d3+ would win.} 37. fxe4+ Kxe4 38. h3 $1 Bc7 39. g4 Be5 40. Ba3 d3+ 41. Kd1 hxg4 42. hxg4 b5 43. Be7 Bf4 44. a4 bxa4 45. bxa4 Kf3 {Precision: White = 74%, Black = 59%.} 1/2-1/2

[Event "1st Pelion Open 2018"]
[Site "Agios Ioannis-Pelion"]
[Date "2018.06.19"]
[Round "5"]
[White "Nikolaidis, Ioannis"]
[Black "Stanojoski, Zvonko"]
[Result "1/2-1/2"]
[WhiteElo "2537"]
[BlackElo "2440"]
[Annotator "TA"]
[PlyCount "46"]
[EventType "swiss"]
[EventCountry "GRE"]
[SourceTitle "playchess.com"]
[Source "ChessBase"]
[SourceQuality "1"]

{[%evp 27,46,48,72,42,87,87,85,119,195,191,184,173,197,189,186,30,160,141,137,133,150]} 1. d4 d5 2. c4 e6 3. Nc3 c6 4. e3 Nf6 5. Nf3 Nbd7 6. Bd3 dxc4 7. Bxc4 b5 8. Be2 a6 9. O-O Bb7 10. e4 b4 {D47: Semi-Slav: Meran System} 11. e5 bxc3 12. exf6 cxb2 (12... Nxf6 13. bxc3 Bd6 14. Rb1 Qc7 15. c4 c5 16. dxc5 Bxc5 17. Bf4 Qc8 18. Ne5 {0-1 (25) Belous,V (2585)-Ali Marandi,C (2521) Saint Louis 2018}) 13. fxg7 Bxg7 14. Bxb2 c5 {LiveBook: 7 Games} 15. Rb1 {Strongly threatening dxc5.} Bxf3 $146 ({Predecessor:} 15... O-O 16. dxc5 Bxb2 17. Rxb2 Nxc5 18. Qc1 {1-0 (48) Kett,T (2215)-Taylor,M (2367) England 2018}) 16. Bxf3 Rb8 17. Bc6 {And now dxc5 would win.} Qc7 (17... O-O $16) 18. Qg4 $18 Bf6 {[#]} 19. Bxd7+ $1 Kxd7 20. Qf3 Ke7 21. Qa3 $2 (21. Rfc1 $18 Qb7 22. Qd3) 21... Rxb2 (21... Qb6 $11) 22. Rxb2 Bxd4 23. Rb3 Qc6 1/2-1/2

[Event "1st Pelion Open 2018"]
[Site "Agios Ioannis-Pelion"]
[Date "2018.06.19"]
[Round "5"]
[White "Mastrovasilis, Athanasios"]
[Black "Hrisanthopoulos, Dimitrios"]
[Result "1-0"]
[WhiteElo "2501"]
[BlackElo "1979"]
[Annotator "TA"]
[PlyCount "80"]
[EventType "swiss"]
[EventCountry "GRE"]
[SourceTitle "playchess.com"]
[Source "ChessBase"]
[SourceQuality "1"]

{[%evp 14,80,10,0,0,0,0,0,0,0,0,0,14,6,12,-4,0,-21,-35,-25,-14,-31,0,0,0,0,0,0,0,0,33,18,21,26,22,22,51,6,79,8,16,9,84,80,98,100,260,254,318,309,270,254,310,302,359,347,356,344,554,550,534,513,407,408,708,364,5333,5306,702]} 1. d4 Nf6 2. c4 e6 3. Nc3 Bb4 4. Nf3 b6 5. Bd2 Bb7 6. g3 Bxc3 {E21: Nimzo-Indian: 4 Nf3} 7. Bxc3 Ne4 8. Rc1 {LiveBook: 9 Games} d6 {The position is equal.} 9. d5 $146 ({Predecessor:} 9. Bg2 Nd7 10. O-O Nxc3 11. Rxc3 Be4 12. Bh3 Qe7 13. d5 O-O 14. Re3 Bxf3 15. dxe6 {1-0 (43) Melkumyan,H (2653)-Ganguly,S (2646) Canberra 2016}) 9... Nxc3 10. Rxc3 e5 11. Bg2 a5 12. O-O Nd7 13. b3 O-O 14. a3 f5 15. Ne1 Qf6 16. Qd2 Nc5 17. b4 axb4 18. axb4 Ne4 19. Bxe4 $1 fxe4 20. Qe3 Bc8 21. Qxe4 Bf5 22. Qe3 Ra4 23. b5 Bh3 24. Ng2 Rfa8 25. f4 Ra1 (25... Rf8 $11) 26. Rcc1 (26. Rxa1 $16 Rxa1+ 27. Rc1) 26... Rxc1 27. Rxc1 Bxg2 {[#]} (27... Re8 $11 {keeps the balance.}) 28. fxe5 $1 $16 dxe5 {Strongly threatening ...Bh3.} 29. Kxg2 $11 {[%mdl 4096] Endgame KQR-KQR} Qd6 $2 (29... Rf8 $16 {might work better.} 30. Kg1 g6) 30. Rf1 $18 h6 31. Rf5 Re8 32. Qe4 Re7 33. h4 g6 34. Rf3 Rf7 35. Qg4 h5 $2 {[#]} (35... Rxf3 {was necessary.} 36. Kxf3 (36. exf3 Kf8 $16) 36... Kh7) 36. Qc8+ Kg7 37. Qe8 Rxf3 38. Kxf3 ({Less strong is} 38. exf3 Qf6 $18) 38... Qf6+ (38... Qa3+ $142 39. Ke4 Qc5 40. Qxe5+ Kh7) 39. Ke3 Qf5 $2 (39... Qd6 40. Ke4 Qc5 41. Qxe5+ Kh7) 40. Qe7+ Kg8 {Precision: White = 56%, Black = 36%.} 1-0

[Event "1st Pelion Open 2018"]
[Site "Agios Ioannis-Pelion"]
[Date "2018.06.19"]
[Round "5"]
[White "Ristic, Nenad"]
[Black "Lagaras, Stylianos"]
[Result "0-1"]
[WhiteElo "2372"]
[BlackElo "1937"]
[Annotator "NA"]
[PlyCount "144"]
[EventType "swiss"]
[EventCountry "GRE"]
[SourceTitle "playchess.com"]
[Source "ChessBase"]
[SourceQuality "1"]
[TimeControl "40/5400+30:1800+30"]

1. e4 c5 2. Nc3 d6 3. f4 g6 4. Nf3 Bg7 5. Bc4 Nc6 6. O-O e6 7. d3 Nge7 8. Qe1 O-O 9. f5 gxf5 10. Qh4 fxe4 11. dxe4 Ng6 12. Qh5 Nce5 13. Nxe5 Bxe5 14. Bh6 Re8 15. Rad1 a6 16. Bg5 f6 17. Be3 b5 18. Be2 Qe7 19. Bh6 Bb7 20. Bf3 Kh8 21. g3 Rg8 22. Bg2 Bd4+ {[%emt 1:22:07]} 23. Kh1 Ne5 {[%emt 0:00:34]} 24. Ne2 Bxb2 {[%emt 0:01:32]} 25. c3 b4 {[%emt 0:00:41]} 26. cxb4 c4 {[%emt 0:01:19]} 27. Rd2 c3 {[%emt 0:02:10]} 28. Rc2 Rac8 {[%emt 0:00:47]} 29. Bc1 Bxc1 {[%emt 0:02:45]} 30. Rfxc1 Rg5 {[%emt 0:00:41]} 31. Qh4 Rg4 {[%emt 0:00:57]} 32. Qh6 Bxe4 {[%emt 0:02:23]} 33. Bxe4 Rxe4 {[%emt 0:00:05]} 34. Rxc3 Rec4 {[%emt 0:01:15]} 35. Rxc4 Rxc4 {[%emt 0:02:50]} 36. Rxc4 Nxc4 {[%emt 0:00:04]} 37. Nf4 Ne5 {[%emt 0:02:09]} 38. Kg2 Kg8 {[%emt 0:02:19]} 39. Nh5 Ng6 {[%emt 0:02:48]} 40. Qc1 Qb7+ 41. Kh3 Qf3 42. Qc8+ Nf8 43. Nf4 Qf1+ {[%emt 0:20:12]} 44. Kh4 Qf2 {[%emt 0:00:26]} 45. Kh3 Qxa2 {[%emt 0:00:59]} 46. Nh5 Qf2 {[%emt 0:01:55]} 47. Qxa6 Qf5+ {[%emt 0:01:57]} 48. g4 Qf3+ {[%emt 0:00:28]} 49. Ng3 f5 {[%emt 0:04:10]} 50. gxf5 exf5 {[%emt 0:00:19]} 51. Qc4+ d5 {[%emt 0:00:31]} 52. Qe2 Qxe2 {[%emt 0:00:21]} 53. Nxe2 Kf7 {[%emt 0:00:47]} 54. b5 Kf6 {[%emt 0:01:31]} 55. Kg3 Ke5 {[%emt 0:00:26]} 56. Kf3 Ne6 {[%emt 0:00:42]} 57. b6 Kd6 {[%emt 0:01:21]} 58. Ng3 f4 {[%emt 0:00:30]} 59. Ne2 Kc6 {[%emt 0:00:22]} 60. Nxf4 Nxf4 {[%emt 0:00:31]} 61. Kxf4 Kxb6 {[%emt 0:00:09]} 62. Ke3 Kc5 {[%emt 0:01:25]} 63. Kd3 d4 {[%emt 0:01:18]} 64. h4 h5 {[%emt 0:00:42]} 65. Kd2 Kd5 {[%emt 0:00:38]} 66. Kd3 Ke5 {[%emt 0:00:01]} 67. Kd2 Ke4 {[%emt 0:00:19]} 68. Ke2 Kf4 {[%emt 0:00:13]} 69. Kd3 Kg4 {[%emt 0:00:11]} 70. Kxd4 Kxh4 {[%emt 0:00:22]} 71. Ke3 Kg3 {[%emt 0:00:07]} 72. Ke2 Kg2 0-1

[Event "1st Pelion Open 2018"]
[Site "Agios Ioannis-Pelion"]
[Date "2018.06.19"]
[Round "5"]
[White "Pavlidis, Pavlos"]
[Black "Grivas, Efstratios"]
[Result "1/2-1/2"]
[WhiteElo "1954"]
[BlackElo "2445"]
[Annotator "TA"]
[PlyCount "89"]
[EventType "swiss"]
[EventCountry "GRE"]
[SourceTitle "playchess.com"]
[Source "ChessBase"]
[SourceQuality "1"]

{[%evp 21,89,64,75,0,0,0,0,0,0,0,0,0,0,0,0,0,0,0,0,0,0,0,0,-3,-4,-6,0,-10,-10,-9,-9,-11,-7,-25,-14,-25,-14,-43,-35,-37,-16,-10,0,0,0,0,0,0,0,0,0,0,0,-16,0,0,0,0,0,0,0,0,0,0,0,0,0,0,0,0]} 1. e4 c5 2. Nf3 a6 3. d4 cxd4 4. Nxd4 Nf6 5. Nc3 e5 6. Nb3 Bb4 7. Bd2 Nc6 8. Bd3 O-O 9. O-O d5 10. exd5 Nxd5 11. Nxd5 Qxd5 12. Bxb4 {B28: Sicilian: 2 Nf3 a6 (O'Kelly Variation)} ({Of course not} 12. Qh5 g6 $11) (12. Re1 $16) (12. Qe2 Bxd2 13. Nxd2 Nd4 14. Qh5 g6 15. Qh6 Nf5 16. Bxf5 Bxf5 17. Nf3 f6 18. Nh4 Bxc2 19. Rac1 Qd3 {0-1 (69) Tosic,N (2219)-Nestorovic,D (2410) Herceg Novi 2005}) 12... Nxb4 $11 13. Re1 Nxd3 $146 ({Predecessor:} 13... b5 14. a3 Nxd3 15. cxd3 Bb7 16. f3 Rad8 17. Re3 Rfe8 18. Rc1 Rc8 19. Rxc8 Rxc8 {0-1 (62) Nguyen,T-Ivic,L Prague 2012}) 14. Qxd3 Qxd3 15. cxd3 f6 16. d4 exd4 17. Nxd4 Bd7 18. f3 Kf7 19. Rac1 {[#] aiming for Rc7.} Rac8 20. Kf2 Rfd8 21. b3 a5 22. Rxc8 Rxc8 {[%mdl 4096] Endgame KRB-KRN} 23. Re2 b6 (23... b5 {looks sharper.} 24. Rd2 b4 25. Ke3 Rc3+ 26. Kf2 Rc5) 24. Rc2 (24. Rd2 {keeps more tension.} Rc5 25. Ne2 Ke7 26. Nf4 b5 27. h4) 24... Rxc2+ 25. Nxc2 {KB-KN} Ke6 26. Ke3 Kd5 27. Nd4 g5 28. g3 Be8 29. Nf5 Kc5 30. a3 Bg6 31. Nd4 {The position is equal.} b5 32. Ne6+ Kd5 33. Nc7+ $1 Kc6 34. Ne6 Kd6 35. Nd4 b4 36. axb4 axb4 37. f4 g4 38. Nb5+ Kc5 39. Nd4 Kd5 40. Nb5 Kc5 41. Nd4 Bf7 42. Kd3 Kd5 43. Ke3 Bg6 44. Nb5 Kc5 45. Nd4 {Precision: White = 68%, Black = 66%.} 1/2-1/2

[Event "1st Pelion Open 2018"]
[Site "Agios Ioannis-Pelion"]
[Date "2018.06.19"]
[Round "5"]
[White "Papapostolou, Apostolos"]
[Black "Todorovic, Goran N"]
[Result "1-0"]
[WhiteElo "1920"]
[BlackElo "2335"]
[Annotator "NA"]
[PlyCount "91"]
[EventType "swiss"]
[EventCountry "GRE"]
[SourceTitle "playchess.com"]
[Source "ChessBase"]
[SourceQuality "1"]
[TimeControl "40/5400+30:1800+30"]

1. d4 Nf6 2. c4 e6 3. Nc3 Bb4 4. g3 c5 5. Nf3 Ne4 6. Qc2 Qa5 7. Qxe4 Bxc3+ 8. Bd2 Bxd2+ 9. Nxd2 cxd4 10. Qxd4 O-O 11. Bg2 $14 {LiveBook: 19 Games} Nc6 12. Qe3 d5 13. O-O d4 14. Qd3 e5 15. a3 Qc7 16. b4 f5 17. Bd5+ Kh8 18. e4 f4 19. f3 Bh3 20. Rf2 Ne7 21. g4 Rad8 22. a4 Rf6 23. Kh1 h5 24. Rg1 b6 25. gxh5 Rh6 26. Rg5 Qd6 27. Qb1 Qf6 28. Qg1 Rd7 29. b5 g6 30. hxg6 {[%emt 1:28:24]} Rxg6 31. Rh5+ {[%emt 0:00:34]} Kg7 32. Rxh3 {[%emt 0:02:56]} Rxg1+ 33. Kxg1 {[%emt 0:00:05]} Ng6 34. Rg2 {[%emt 0:01:20]} Qd6 35. Rh5 {[%emt 0:00:59]} d3 36. h4 {[%emt 0:02:30]} Qc5+ 37. Kh2 {[%emt 0:01:26]} Rd6 38. Rxe5 {[%emt 0:05:08]} Kh6 39. Re8 {[%emt 0:00:19]} Qd4 40. e5 Rxd5 41. cxd5 Qxd5 42. Ne4 Qf7 43. Nd6 {[%emt 0:19:14]} Qd7 44. Rg8 {[%emt 0:02:26]} Kh7 45. R8xg6 {[%emt 0:01:51]} d2 46. R6g5 1-0